Time Zones Not on the Hour - Statistics

General Stats
  • This quiz has been taken 44 times
  • The average score is 14 of 18
Answer Stats
Time Zone Territory/Region Answer % Correct
-3:30 Newfoundland Canada
90%
-3:30 Southeastern Labrador Canada
90%
+9:30 Northern Territory Australia
87%
+9:30 South __________ Australia
83%
+11:30 Norfolk Island Australia
83%
+9:30 Yancowinna County Australia
80%
+10:30 Lord Howe Island Australia
80%
+12:45 Chatham Islands New Zealand
80%
+6:30 Cocos Islands Australia
77%
+8:45 Area around Eucla* Australia
77%
+5:45 Entire country Nepal
73%
+5:30 Entire country [southern of 2 countries] Sri Lanka
73%
-9:30 Marquesas Islands France
70%
+5:30 Entire country [northern of 2 countries] India
70%
+4:30 Entire country Afghanistan
67%
+3:30 Entire country Iran
63%
+6:30 Entire country Burma
60%
-4:30 Entire country Venezuela
57%
No matching quizzes found
Score Distribution
Percent of People with Each Score
Percentile by Number Answered
Your Score History
You have not taken this quiz